000 00713nam a2200253Ia 4500
003 OSt
005 20220925215225.0
006 a|||||r|||| 00| 0
007 ta
008 220923b |||||||| |||| 00| 0 eng d
020 _a0435966219
037 _cGeneral Book
040 _aRTL
_cRTL
_beng
041 _2eng
_aeng
082 _aV635.N8, M2
100 _aSouthall Roger J
_9121968
245 0 _aSouth Africa's Transkei
_b The political economy of
260 _aLondon
_bHeinemann
_c1982
300 _axii, 338p
_ccm.
500 _aBibliography: P 313-28
650 _aAfrica History
_920294
942 _hV635.N8, M2
_cGB
_2CC
999 _c568250
_d568250